Thompson Mel (Record no. 3164)
[ view plain ]
| 000 -LEADER | |
|---|---|
| fixed length control field | 00379nam a2200133Ia 4500 |
| 008 - FIXED-LENGTH DATA ELEMENTS--GENERAL INFORMATION | |
| fixed length control field | 151015s9999 xx 000 0 und d |
| 020 ## - INTERNATIONAL STANDARD BOOK NUMBER | |
| International Standard Book Number | 9.7814441075e+012 |
| 050 ## - LIBRARY OF CONGRESS CALL NUMBER | |
| Classification number | JA 36 G4 2008 |
| 245 ## - TITLE STATEMENT | |
| Title | Thompson Mel |
| 250 ## - EDITION STATEMENT | |
| Edition statement | _Understand Political Philosophy / Mel Thompson |
| 500 ## - GENERAL NOTE | |
| General note | Includes index |
| 650 ## - SUBJECT ADDED ENTRY--TOPICAL TERM | |
| Topical term or geographic name as entry element | _Political philosophy |
| 700 ## - ADDED ENTRY--PERSONAL NAME | |
| Personal name | ^d20120113 03:05:25^oanne |
No items available.